| 000 | 00778 a2200217 4500 | ||
|---|---|---|---|
| 005 | 20080825112843.0 | ||
| 008 | 080825t xxu||||| |||| 00| 0 eng d | ||
| 010 | _aENG-87096 | ||
| 020 |
_a8183331963 _c360.00 |
||
| 035 | _aEN-70629 | ||
| 037 | _bDBAD / PUB | ||
| 040 | _adpl | ||
| 082 | _a005.456 | ||
| 100 | _aPirogov, Vlad | ||
| 245 |
_aDisassembling code _bIDA pro and softice _cby Vlad Pirogov |
||
| 260 |
_aNew Delhi _bBPB Publications _c2007 |
||
| 270 |
_aB-14, Connaught Place, _bNew Delhi _e110 001 |
||
| 300 |
_axi, 500p. _c24cm (pbk) |
||
| 942 |
_adpl _cEN _k005.456 / PIR _2ddc _h005.456 _mPIR |
||
| 999 |
_c6033 _d6033 |
||